000 00540nam a22001697a 4500
005 20260410192408.0
008 260410b |||||||| |||| 00| 0 eng d
020 _a9789970480203
040 _aKABLIB
_cKABLIB
_erda
082 _223
_a821.93
_bLUN
245 _aA lunatic sanity :
_ba poetry anthology /
_cforwarded by Austin Bukenya.
260 _aKampala :
_bFEMRITE - Uganda Women Writters Association,
_cc2025
300 _axviii, 136 p. :
_bcol. ill. ;
_c20 cm.
650 _aPoetry
700 _aBukenya, Austin
_915798
942 _2ddc
_cBOOK
999 _c6210
_d6210